00542nam a2200181 a 450000100060000000300080000600500170001400800410003103500190007204000290009104100080012008200250012824500950015326000460024830000280029465000200032270000180034264925BD-RjUL20211209081352.0250217s1966 xx 000 0 eng  a(BD-RjUL)65055 aDLCcPEdiSdBD-RjULbeng aeng 223a909.82bDOC 196610aDocuments and descriptions :bthe world since 1914 /cselected and edited by R. W. Breach. aLondon :bOxford University Press,c1966. axxiii, 363 p. ;c20 cm. 0aHistory, Modern aBreach, R. W.